书目信息 |
| 题名: |
家庭补身美食
|
|
| 作者: | 姚海扬 编著 | |
| 分册: | ||
| 出版信息: | 北京 中国轻工业出版社 1993 |
|
| 页数: | 185页 | |
| 开本: | 19cm | |
| 丛书名: | ||
| 单 册: | ||
| 中图分类: | R247.1 | |
| 科图分类: | 62.193 | |
| 主题词: | 补法--食谱 | |
| 电子资源: | ||
| ISBN: | 7-5019-1515-6 | |
| 000 | 00710n|m0 2200253 450 | |
| 001 | 0102602183 | |
| 005 | 20121109170000.0 | |
| 010 | @a7-5019-1515-6@dCNY5.00 | |
| 011 | @a7-5019-1515-6 | |
| 100 | @a20021005d1993 em y0chiy0110 ea | |
| 101 | 0 | @achi |
| 102 | @aCN@b110000 | |
| 105 | @ay z 000yy | |
| 135 | @adrbn ---auuuu | |
| 200 | 1 | @a家庭补身美食@9Jia;Jie Ting Bu Shen Mei Shi;Si @f姚海扬编著@b电子资源.图书 |
| 210 | @a北京@c中国轻工业出版社@d1993 | |
| 215 | @a185页@d19cm | |
| 325 | @a电子复制品 | |
| 606 | 0 | @a补法@x食谱 |
| 690 | @aR247.1@v3 | |
| 692 | @a62.193 | |
| 701 | 0 | @a姚海扬@f(1947~)@9yao hai yang@4编著 |
| 801 | 0 | @aCN@bAZmarc@c20230904 |
| 905 | @dR247.1@e401@f5@sR247.1/401@aBZT | |
| 家庭补身美食/姚海扬编著[电子资源.图书].-北京:中国轻工业出版社,1993 |
| 185页;19cm |
| ISBN 7-5019-1515-6:CNY5.00 |
| ● |
| 相关链接 |
|
|
|
正题名:家庭补身美食
索取号:R247.1/401
 
预约/预借
| 序号 | 登录号 | 条形码 | 馆藏地/架位号 | 状态 | 备注 |
| 1 | 2000098999 | 2000098999 | 旧书回溯/ [索取号:R247.1/401] | 在馆 | |
| 2 | 2000099331 | 2000099331 | 旧书回溯/ [索取号:R247.1/401] | 在馆 | |
| 3 | 2000116573 | 2000116573 | 旧书回溯/ [索取号:R247.1/401] | 在馆 | |
| 4 | 2000143942 | 2000143942 | 旧书回溯/ [索取号:R247.1/401] | 在馆 | |
| 5 | 2000150797 | 2000150797 | 旧书回溯/ [索取号:R247.1/401] | 在馆 |